Drill and Review Study Guide for use with: Macroeconomics. (Record no. 696)
[ view plain ]
| 005 - DATE AND TIME OF LATEST TRANSACTION | |
|---|---|
| control field | 20250315090244.0 |
| 020 ## - INTERNATIONAL STANDARD BOOK NUMBER | |
| International Standard Book Number | 0-256-17267-6 |
| 082 ## - DEWEY DECIMAL CLASSIFICATION NUMBER | |
| Classification number | 339 COL |
| 100 ## - MAIN ENTRY--PERSONAL NAME | |
| Author name | COLANDER, C. D. |
| 245 ## - TITLE STATEMENT | |
| Title | Drill and Review Study Guide for use with: Macroeconomics. |
| 250 ## - EDITION STATEMENT | |
| Edition statement | 3rd Ed. |
| 260 ## - PUBLICATION, DISTRIBUTION, ETC. | |
| Place of publication, distribution, etc. | McGraw-Hill, |
| Name of publisher, distributor, etc. | New York, |
| Date of publication, distribution, etc. | 1998. |
| 300 ## - PHYSICAL DESCRIPTION | |
| Extent | viii,278p.: ill.; |
| Dimensions | 27cm |
| 856 ## - ELECTRONIC LOCATION AND ACCESS | |
| Link text | Access Online Book |
| Electronic name | Macroeconomics |
| Path | http://www.mhhe.com |
| 942 ## - ADDED ENTRY ELEMENTS (KOHA) | |
| Source of classification or shelving scheme | Dewey Decimal Classification |
| Koha item type | Books |
| Date last seen | Total checkouts | Full call number | Barcode | Cost, replacement price | Price effective from | Koha item type | Lost status | Source of classification or shelving scheme | Damaged status | Not for loan | Withdrawn status | Home library | Current library | Shelving location | Date acquired | Cost, normal purchase price |
|---|---|---|---|---|---|---|---|---|---|---|---|---|---|---|---|---|
| 03/15/2025 | 339 COL | 0000002770 | 30000.00 | 03/15/2025 | Books | Dewey Decimal Classification | College of Business Education Main Library | College of Business Education Main Library | General Collection | 03/15/2025 | 10000.00 | |||||
| 03/15/2025 | 339 COL | 0000002771 | 30000.00 | 03/15/2025 | Books | Dewey Decimal Classification | College of Business Education Main Library | College of Business Education Main Library | General Collection | 03/15/2025 | 10000.00 | |||||
| 03/15/2025 | 339 COL | 0000002772 | 30000.00 | 03/15/2025 | Books | Dewey Decimal Classification | College of Business Education Main Library | College of Business Education Main Library | General Collection | 03/15/2025 | 10000.00 |
